000 00544nam a2200181 i 4500
001 57834
003 ES-MaACL
005 20230906163647.0
007 t|
008 031020s1972 sp ||||1| spa d
100 1 _aDreyfus, Paul.
_945625
245 1 0 _aDel Pakistán al Bangla Desh /
_cPaul Dreyfus ; [traducción de, Consuelo G. de Ortega].
250 _a[1ª ed.].
260 _a[Barcelona] :
_bAymá,
_c[1972]
300 _a264 p., 10 lám. ;
_c20 cm.
700 1 _aOrtega, Consuelo G. de.
_987399
852 _aES-MaACL
_jC-43190
_bR.82201
999 _c57834
_d57834